| 000 | 00000cam 2200000zi 4500 |
| 001 | 9.958340 |
| 003 | CaOODSP |
| 005 | 20251217133353 |
| 006 | m o d f |
| 007 | cr mn||||||||| |
| 008 | 251217e200006 onca o f000 0 fre d |
| 040 | |aCaOODSP|bfre|erda|cCaOODSP |
| 043 | |an-cn--- |
| 086 | 1 |aEn4-592/2000F-PDF |
| 245 | 03|aLe développement durable dans les opérations gouvernementales : |bune approche concertée |
| 264 | 1|a[Ottawa] : |bGouvernement du Canada = Government of Canada, |cjuin 2000. |
| 264 | 4|c©2000 |
| 300 | |a1 ressource en ligne (90 pages) |
| 336 | |atexte|btxt|2rdacontent/fre |
| 337 | |ainformatique|bc|2rdamedia/fre |
| 338 | |aressource en ligne|bcr|2rdacarrier/fre |
| 500 | |aPublié aussi en anglais sous le titre : Sustainable development in government operations : a coordinated approach. |
| 500 | |aÉdition numérisée de l’imprimé [par Environnement et changement climatique Canada]. |
| 650 | 6|aDeĢveloppement durable|xPolitique gouvernementale|zCanada. |
| 710 | 1 |aCanada. |bEnvironnement Canada, |eorganisme de publication. |
| 775 | 08|tSustainable development in government operations : |w(CaOODSP)9.925737 |
| 856 | 40|qPDF|s9.32 Mo|uhttps://publications.gc.ca/collections/collection_2025/eccc/en4/En4-592-2000-fra.pdf |